000 00791nam a2200229Ii 4500
003 JO-AjNU
008 230605s9999||||xx |||||||||||||| ||und||
017 _a2018/6/2728
020 _a978-9923-14-007-9
040 _aJO-AjNU
_bara
_erda
_cJO-AjNU
041 _aara
050 1 4 _aP121.S2736 2019
100 3 _aساسي،عمار,
_eauthor
_958577
245 0 0 _aاللسانيات العربية: المنهج والمفهوم والصناعة
250 _aط1
264 3 1 _aإربد: عالم الكتب الحديث للنشر والتوزيع، 2019
300 _a226ص
336 _atext
_btxt
_2rdacontent
337 _aunmediated
_bn
_2rdamedia
338 _avolume
_bnc
_2rdacarrier
650 4 _a اللغة العربية - لسانيات - علم المصطلحات
_958578
999 _aA26312
_c29880
_d29880